Exploring hate crimes in India / (Record no. 90563)

MARC details
000 -LEADER
fixed length control field 00627nam a22002057a 4500
005 - DATE AND TIME OF LATEST TRANSACTION
control field 20150107112345.0
010 ## - LCCN (DPL NO)
LC control number ENG-111504
020 ## - INTERNATIONAL STANDARD BOOK NUMBER
International Standard Book Number 9788174878700
Terms of availability 750.00
020 ## - INTERNATIONAL STANDARD BOOK NUMBER
International Standard Book Number 817487870x
Terms of availability 750.00
035 ## - SYSTEM CONTROL NUMBER
System control number EN-95036
037 ## - SOURCE OF ACQUISITION
Source of stock number/acquisition DBAD/PUB
082 ## - DEWEY DECIMAL CLASSIFICATION NUMBER
Classification number 364.150954
100 ## - MAIN ENTRY--PERSONAL NAME
Personal name Shukla,Girjesh
245 ## - TITLE STATEMENT
Title Exploring hate crimes in India /
Statement of responsibility, etc by Girjesh Shukla
260 ## - PUBLICATION, DISTRIBUTION, ETC. (IMPRINT)
Place of publication, distribution, etc New Delhi
Name of publisher, distributor, etc Radha Publications
Date of publication, distribution, etc 2014
270 ## - ADDRESS
Address 4231/1,Ansari Road,Daryaganj
City New Delhi
Postal code 110002
300 ## - PHYSICAL DESCRIPTION
Extent xvi,263p.
Dimensions 22cm(Hb)
500 ## - GENERAL NOTE
General note Includes bibliographical references
942 ## - ADDED ENTRY ELEMENTS (KOHA)
Source of classification or shelving scheme Dewey Decimal Classification
Item type English Books
Call number suffix SHU
Classification part 364.150954
Holdings
Withdrawn status Lost status Not for loan Collection code Home library Current library Date acquired Source of acquisition Cost, normal purchase price Full call number Barcode Copy number Cost, replacement price Koha item type
    Not For Loan Non-fiction D.B.Act.Division D.B.Act.Division 06/01/2015 DBAD / PUB 750.00 364.150954 SHU EN-95036 1 750.00 English Books

© Delhi Public Library
Hit Counter
free hit counter